000 00411 a2200145 4500
999 _c7749
_d7749
020 _a9780538749572
050 _aHF 5681 GIB 2011
100 _aGibson, Charles H.
_eauthor
245 _aFinancial statement analysis /
_cCharles H. Gibson
264 _aLondon:
_bCengage Learning,
_c2011.
300 _a610p. :
500 _aIncludes index
650 _aManagement
_xFinance
942 _2lcc
_cBK
_e12th
_h5681
_iGIB
_kHF